[Event "HUN-chT2 Barcza 1718"]
[Site "Hungary"]
[Date "2017.12.03"]
[Round "5.10"]
[White "Sos, Barnabas"]
[Black "Kantor, Sandor"]
[Result "1/2-1/2"]
[WhiteElo "1905"]
[BlackElo "1923"]
[PlyCount "81"]
[EventDate "2017.09.24"]
[EventType "team-tourn"]
[EventRounds "11"]
[EventCountry "HUN"]
[SourceTitle "EXT 2021"]
[Source "ChessBase"]
[SourceDate "2020.10.23"]
[SourceVersion "1"]
[SourceVersionDate "2020.10.23"]
[SourceQuality "1"]
[WhiteTeam "Debrecen Sakkbaratok"]
[BlackTeam "Debrecen Sakkiskola II"]
[WhiteTeamCountry "HUN"]
[BlackTeamCountry "HUN"]

1. e4 c5 2. d4 cxd4 3. c3 dxc3 4. Nxc3 Nc6 5. Bc4 d6 6. Nf3 e6 7. 0-0 Be7 8. Bf4 Nf6 9. Qc2 e5 10. Be3 0-0 11. Rad1 Bg4 12. Be2 Qa5 13. h3 Be6 14. Ng5 Nd4 15. Bxd4 exd4 16. Nxe6 fxe6 17. Rxd4 Qe5 18. Rb4 b6 19. Rb5 d5 20. Qd3 Nxe4 21. Nxe4 Qxe4 22. Qxe4 dxe4 23. Bc4 Rf6 24. Re5 Raf8 25. Rxe4 Bc5 26. Rxe6 Kh8 27. Rxf6 Rxf6 28. Bd5 g5 29. g3 a5 30. Kg2 Rd6 31. Rd1 Kg7 32. Rd3 Kf6 33. f4 h6 34. Kf3 gxf4 35. Kxf4 Rd7 36. Bc4 Rxd3 37. Bxd3 Bd6+ 38. Kf3 Kg7 39. g4 Bc5 40. Kf4 Kf6 41. Be4 1/2-1/2

[Event "HUN-chT2 Barcza 1516"]
[Site "Hungary"]
[Date "2016.02.14"]
[Round "7.8"]
[White "Sos, Barnabas"]
[Black "Papp, Laszlo"]
[Result "1-0"]
[WhiteElo "1925"]
[BlackElo "1690"]
[PlyCount "71"]
[EventDate "2015.09.13"]
[EventType "team-tourn"]
[EventRounds "11"]
[EventCountry "HUN"]
[SourceTitle "EXT 2017"]
[Source "ChessBase"]
[SourceDate "2016.10.25"]
[SourceVersion "1"]
[SourceVersionDate "2016.10.25"]
[SourceQuality "1"]
[WhiteTeam "Debrecen Sakkbaratok"]
[BlackTeam "Nyiregyhaza"]
[WhiteTeamCountry "HUN"]
[BlackTeamCountry "HUN"]

1. e4 e5 2. Nc3 Nc6 3. f4 exf4 4. Nf3 d6 5. d4 Be7 6. Bxf4 Nf6 7. Qd2 0-0 8. Be2 Re8 9. 0-0-0 a6 10. Bd3 Nb4 11. h3 Nxd3+ 12. Qxd3 b5 13. g4 b4 14. Nd5 Nxd5 15. exd5 a5 16. h4 Ba6 17. Qd2 Bf6 18. Rde1 Qd7 19. g5 Be7 20. h5 Qa4 21. Kb1 Qb5 22. g6 Qxd5 23. gxf7+ Qxf7 24. Reg1 Bf6 25. Rh2 Kh8 26. Bg5 Re7 27. Bxf6 Qxf6 28. Rf2 Rf8 29. Rgg2 Rfe8 30. b3 Qe6 31. Kb2 c5 32. Ng5 c4 33. bxc4 Qxc4 34. d5 a4 35. Nf7+ Kg8 36. Rxg7+ 1-0

[Event "HUN-chT2 Barcza 1415"]
[Site "Hungary"]
[Date "2014.11.30"]
[Round "5.11"]
[White "Pap, Kristof"]
[Black "Sos, Barnabas"]
[Result "1-0"]
[WhiteElo "1540"]
[BlackElo "1828"]
[PlyCount "69"]
[EventDate "2014.09.07"]
[EventType "team-tourn"]
[EventRounds "11"]
[EventCountry "HUN"]
[SourceTitle "EXT 2016"]
[Source "ChessBase"]
[SourceDate "2015.10.08"]
[SourceVersion "1"]
[SourceVersionDate "2015.10.08"]
[SourceQuality "1"]
[WhiteTeam "Mezokovesd"]
[BlackTeam "Debrecen Sakkbaratok"]
[WhiteTeamCountry "HUN"]
[BlackTeamCountry "HUN"]

1. d4 Nf6 2. c4 d5 3. Nf3 e6 4. g3 c5 5. Bg2 Nc6 6. cxd5 Nxd5 7. 0-0 Nf6 8. dxc5 Qxd1 9. Rxd1 Bxc5 10. a3 0-0 11. b4 Bb6 12. Bb2 a6 13. Nbd2 Bc7 14. Nc4 b5 15. Nfe5 Nxe5 16. Nxe5 Bxe5 17. Bxe5 Ra7 18. Bd6 Rd8 19. Bc6 Ne8 20. Bc5 Rad7 21. Bxd7 Rxd7 22. Rxd7 Bxd7 23. Rd1 Bc6 24. Rd8 f6 25. Rc8 Bd7 26. Ra8 Kf7 27. Rxa6 e5 28. e4 g6 29. f4 exf4 30. gxf4 Ng7 31. Bd4 Ne6 32. Ra7 Ke7 33. Bxf6+ Kxf6 34. Rxd7 Nxf4 35. Rxh7 1-0

[Event "HUN-chT2 Barcza 1415"]
[Site "Hungary"]
[Date "2014.11.16"]
[Round "?"]
[White "Sos, Barnabas"]
[Black "Remias, Kristof"]
[Result "1-0"]
[WhiteElo "1828"]
[BlackElo "1505"]
[PlyCount "79"]
[EventDate "2014.09.07"]
[EventType "team-tourn"]
[EventRounds "11"]
[EventCountry "HUN"]
[SourceTitle "EXT 2016"]
[Source "ChessBase"]
[SourceDate "2015.10.08"]
[SourceVersion "1"]
[SourceVersionDate "2015.10.08"]
[SourceQuality "1"]
[WhiteTeam "Debrecen Sakkbaratok"]
[BlackTeam "Sajobabony"]
[WhiteTeamCountry "HUN"]
[BlackTeamCountry "HUN"]

1. e4 e5 2. Bc4 Nf6 3. d3 h6 4. Nf3 Nc6 5. c3 d5 6. exd5 Nxd5 7. 0-0 Be6 8. Re1 Bd6 9. Qb3 Na5 10. Qa4+ Nc6 11. Qb5 Nb6 12. Bxe6 fxe6 13. Nxe5 Bxe5 14. Rxe5 0-0 15. Rxe6 a6 16. Qh5 Qxd3 17. Qe2 Qf5 18. f3 Rad8 19. Nd2 Nd5 20. Qe4 Qf7 21. Nb3 Nf6 22. Qe2 Rd1+ 23. Qxd1 Qxe6 24. Bf4 Nd5 25. Nc5 Qf7 26. Bg3 Ne3 27. Qd3 Nf5 28. Nxb7 Nxg3 29. hxg3 Ne5 30. Qe4 Re8 31. Qa4 Nxf3+ 32. gxf3 Kh8 33. Rd1 Re2 34. Qxa6 Rxb2 35. Rd8+ Kh7 36. Qd3+ Qg6 37. Rh8+ Kxh8 38. Qxg6 Rxb7 39. Qe8+ Kh7 40. Qe4+ 1-0

[Event "HUN-ch U10"]
[Site "Celldoemoelk"]
[Date "2011.07.03"]
[Round "9"]
[White "Sos, Barnabas"]
[Black "Szajbely, Samuel Janos"]
[Result "1-0"]
[WhiteElo "1689"]
[BlackElo "1489"]
[PlyCount "39"]
[EventDate "2011.06.27"]
[EventType "swiss"]
[EventRounds "9"]
[EventCountry "HUN"]
[SourceTitle "EXT 2012"]
[Source "ChessBase"]
[SourceDate "2011.11.24"]
[SourceVersion "1"]
[SourceVersionDate "2011.11.24"]
[SourceQuality "1"]

1. e4 c5 2. Nf3 d6 3. d4 cxd4 4. Nxd4 Nf6 5. Nc3 g6 6. Be3 Bg7 7. f3 0-0 8. Qd2 Nc6 9. g4 d5 10. g5 Nh5 11. Nxd5 Bxd4 12. Bxd4 e6 13. Bf6 Nxf6 14. Nxf6+ Kg7 15. Qc3 e5 16. f4 Qe7 17. 0-0-0 Nd4 18. fxe5 Nc6 19. e6 Qxe6 20. Nh5+ 1-0

[Event "HUN-ch U10"]
[Site "Celldoemoelk"]
[Date "2011.06.28"]
[Round "3"]
[White "Sos, Barnabas"]
[Black "Krstulovic, Alex"]
[Result "0-1"]
[WhiteElo "1689"]
[BlackElo "1595"]
[PlyCount "130"]
[EventDate "2011.06.27"]
[EventType "swiss"]
[EventRounds "9"]
[EventCountry "HUN"]
[SourceTitle "EXT 2012"]
[Source "ChessBase"]
[SourceDate "2011.11.24"]
[SourceVersion "1"]
[SourceVersionDate "2011.11.24"]
[SourceQuality "1"]

1. e4 c5 2. Nf3 d6 3. d4 cxd4 4. Nxd4 Nf6 5. Nc3 g6 6. Bb5+ Bd7 7. 0-0 Bg7 8. Qe2 0-0 9. Bxd7 Qxd7 10. Nb3 Nc6 11. Be3 Ng4 12. Bf4 Nge5 13. Rad1 Qg4 14. Qe3 Nc4 15. Qc1 N6e5 16. h3 Qd7 17. Nc5 Qc6 18. Nb3 Rac8 19. Nd5 Qd7 20. Bh6 e6 21. Nc3 Bxh6 22. Qxh6 Nxb2 23. Rb1 Rxc3 24. Rxb2 f6 25. Na5 b6 26. Nb3 Qg7 27. Qd2 Rc6 28. Qe2 f5 29. Nd4 Nf3+ 30. Qxf3 Qxd4 31. exf5 Rc5 32. Rbb1 Rcxf5 33. Qe2 Re5 34. Qa6 Ra5 35. Qb7 Qg7 36. Qe4 Qe5 37. Qc4 d5 38. Qc6 Rc5 39. Qa4 Qc7 40. Qg4 Qf7 41. Qe2 Qf5 42. Rbc1 Rfc8 43. g4 Qe4 44. Qxe4 dxe4 45. Rfe1 Rxc2 46. Rxc2 Rxc2 47. Rxe4 Rxa2 48. Rb4 Kf7 49. f4 Rc2 50. Rb3 Rc4 51. Ra3 a5 52. Kf1 Rxf4+ 53. Ke2 e5 54. Kd2 Ke6 55. Rd3 Rd4 56. Rxd4 exd4 57. g5 a4 58. Kc2 b5 59. h4 b4 60. Kb2 d3 61. Kc1 a3 62. Kb1 d2 63. Ka2 d1Q 64. h5 Qc2+ 65. Ka1 Qb2# 0-1